| 000 | 00571nam a22002051a 4500 | ||
|---|---|---|---|
| 001 | 903 | ||
| 003 | OSt | ||
| 005 | 20260204211714.0 | ||
| 008 | 040115s2001||||sp ||||||b||||||||||spa|| | ||
| 020 | _a8427713606 | ||
| 050 | _a370.113 H115m | ||
| 082 | _a370.113 H115m | ||
| 245 | _aHacia escuelas eficáces para todos: Docentes / Mel Ainscow | ||
| 264 | _aEspaña : Narcea | ||
| 300 | _a158 p. | ||
| 500 | _aIncluye indice. | ||
| 650 | _a1.Educación: Profesional | ||
| 700 | _aAinscow, Mel II.Hopkins, David III.South Worth, Geoff IV.West, Mel.Ì | ||
| 942 |
_2ddc _cBK |
||
| 999 |
_c903 _d903 |
||